| 000 | 00415nam a2200121Ia 4500 | ||
|---|---|---|---|
| 008 | 230717s9999 xx 000 0 und d | ||
| 020 | _a81-7534-388-5 | ||
| 041 | _aeng | ||
| 082 |
_a342 _bRAO |
||
| 100 | _aRao B. Shiva , | ||
| 245 | _aConstitution Making Since 1950: An Overview , Amendments- First To Ninety Secind And Other Documents 1950-2004 | ||
| 260 |
_aNew Delhi _bUniversal Law Publishing Co. Pvt. Ltd. _c2004 |
||
| 999 |
_c672006 _d672006 |
||